00801nam a22002177a 4500003000200000005001700002008004100019020002200060050002300082245010300105250002000208260003100228300004200259500001400301504006200315650001400377650002300391942001200414999001900426952013800445020230913113648.0230913b xxu||||| |||| 00| 0 eng d a978-0-323-79238-7 aRT 41 b.St78 2023 a Study guide for Lewis's medical-surgical nursing : assessment and management of clinical problems aTwelfth edition aMissouribElseviercc2023. avi, 535 pages :bcol. ill. ;c28 cm.  aNursing.  aIncludes bibliographical references, glossary and index.  aNursing.  aSurgical nursing.  2lcccBK c365293d365293 00102lcc40aCLbCLcRESd2023-09-13eLibrary Fundl3m3oRT 41 .St78 2023pC22987r2024-12-17 00:00:00s2024-08-22w2023-09-13yBK